| 000 | 01313nam a2200337 c 4500 | ||
|---|---|---|---|
| 003 | BLK | ||
| 005 | 20250721162028.0 | ||
| 008 | 180412b bul|||||r ||||||| ||bul|| | ||
| 010 | _aKNG00006892000 | ||
| 020 |
_a954-529-052-8 _bиздат.: Колибри |
||
| 040 | _aBLK | ||
| 041 |
_aBUL _cBUL |
||
| 080 |
_aАмериканска литература (на САЩ) _b821.111(73) _x-31 _z821.111(73)-31 |
||
| 100 | 1 |
_aГейдж, Елизабет _eпърви автор _9250434 |
|
| 700 | 1 |
_aНиколова, Цветелина _eпрев. от англ. _9250435 |
|
| 139 |
_aГейдж, Елизабет _bГ 28 |
||
| 245 | 1 | 0 |
_aДамски гамбит _bРоман _cЕлизабет Гейдж; прев. от англ. Цветелина Николова. |
| 257 | _aUSA | ||
| 260 |
_аСофия _bКолибри _c1995 _fВ. Търново : Абагар |
||
| 300 |
_a416 с. _c20 см |
||
| 380 | _aX | ||
| 490 | 1 | _aColibri | |
| 500 | _aОриг. загл. The Master Stroke / Elizabeth Gage. - Офс. изд. - 8 000 тир. | ||
| 653 | _aромани | ||
| 852 | _aЦб 182336 | ||
| 856 | 4 |
_qpdf _u |
|
| 856 | 4 |
_qpdf _u |
|
| 942 |
_cKNG _n0 _022 |
||
| 944 |
_aCR _c15.01.2003 _lХристина Везирева _k30535 |
||
| 944 |
_aED _c08.02.2016 _lф / _kЛюдмила_Стоянова |
||
| 999 |
_c5692 _d5692 |
||